• 首页
  • 本馆介绍
  • 公告通知
  • 最新文献
  • 馆藏检索
  • 电子资源
  • 读者导购
  • 参考咨询
  • 我的图书馆
  • 登录
  • 详细信息显示
  • 放入我的书架
  • 预约/预借图书
  • 作者相关作品
  • 分类相关作品
  • 丛书相关作品
  • 出版社相关作品

书目信息

  • 表格格式
  • 工作单格式
  • 卡片格式
题名:
全球清洁能源开发与投资研究
    
 
作者: ;全球能源互联网发展合作组织 著
分册:  
出版信息: 北京   中国电力出版社  2020.10
页数: 20,275页
开本: 29cm
丛书名:
单 册:
中图分类: F416.2
科图分类:
主题词: 无污染能源--wu wu ran neng yuan--能源发展--研究--世界
电子资源:
ISBN: 978-7-5198-5091-3
000 01225nam0 2200241 450
001 2156286430
005 20211011172911.0
010    @a978-7-5198-5091-3@dCNY300.00
100    @a20201231d2020 em y0chiy0120 ea
101 0  @achi
102    @aCN@b110000
105    @aab z 000yy
106    @ar
200 1  @a全球清洁能源开发与投资研究@Aquan qiu qing jie neng yuan kai fa yu tou zi yan jiu@f全球能源互联网发展合作组织[著]
210    @a北京@c中国电力出版社@d2020.10
215    @a20,275页@c彩图,地图@d29cm
300    @a全球清洁能源开发与投资研究系列报告
330    @a本书的第1、2章是研究的方法与数据,全面阐述了清洁能源资源评估和大型清洁能源发电基地宏观选址的方法体系、基础数据和数学模型。第3~5章系统展示了基于数字化方法的全球水能、风能和光伏资源评估与大型基地开发的研究成果。第6章是基地电力消纳和外送方案研究,综合分析了各洲电力供需趋势,提出了大型基地的送电方向与输电方式。第7章总结了全球清洁能源开发的投融资政策环境,提出了促进各大洲清洁发展的投融资建议。
606 0  @a无污染能源@Awu wu ran neng yuan@x能源发展@x研究@y世界
690    @aF416.2@v5
711 02 @a全球能源互联网发展合作组织@Aquan qiu neng yuan hu lian wang fa zhan he zuo zu zhi@4著
801  0 @aCN@b百万庄@c20211006
905    @b1305671-73@dF416.2@e23@f3
    
    全球清洁能源开发与投资研究/全球能源互联网发展合作组织[著].-北京:中国电力出版社,2020.10
    20,275页:彩图,地图;29cm
    全球清洁能源开发与投资研究系列报告
    
    ISBN 978-7-5198-5091-3:CNY300.00
    本书的第1、2章是研究的方法与数据,全面阐述了清洁能源资源评估和大型清洁能源发电基地宏观选址的方法体系、基础数据和数学模型。第3~5章系统展示了基于数字化方法的全球水能、风能和光伏资源评估与大型基地开发的研究成果。第6章是基地电力消纳和外送方案研究,综合分析了各洲电力供需趋势,提出了大型基地的送电方向与输电方式。第7章总结了全球清洁能源开发的投融资政策环境,提出了促进各大洲清洁发展的投融资建议。
●
相关链接 在E读中查询图书 在五车中查询图书 在当当中查询图书 在豆瓣中查询图书


正题名:全球清洁能源开发与投资研究     索取号:F416.2/23         预约/预借

序号 登录号 条形码 馆藏地/架位号 状态 备注
1 1305671   213056716   第一样本阅览室/ [索取号:F416.2/23] 在馆    
2 1305672   213056725   第一借阅区/ [索取号:F416.2/23] 在馆    
3 1305673   213056734   第一借阅区/ [索取号:F416.2/23] 在馆    
唐山师范学院图书馆 欢迎您!
大连网信软件有限公司© 版权所有